000 00365nam a2200157Ia 4500
005 20250425161153.0
008 250425s9999 xx 000 0 und d
041 _aspa
082 _aIBM4381
245 0 _aGUIA DE PROCEDIMIENTOS OPERATIVOS PARA EL ACO
250 _aS.E.
260 _aS.L.
260 _aSin Pais
_bUNES
_c1975
942 _c01
010 _a14247
999 _c203802
_d203802